El Conocimiento en la propuesta "Hombre del conocimiento" de Carlos Castaneda /

Frente a quienes reducen el conocimiento a la razón, o a lo sumo, también a la fe religiosa, el autor presenta otro tipo de conocimiento, que no es razón ni es fe, el conocimiento de los brujos como don Juan Matus, el conocimiento silencioso, la meta más grande a la que el ser humano puede aspirar y...

وصف كامل

محفوظ في:
التفاصيل البيبلوغرافية
المؤلف الرئيسي: Robles Robles, Amando J.
التنسيق: نص
الموضوعات:
الوسوم: إضافة وسم
لا توجد وسوم, كن أول من يضع وسما على هذه التسجيلة!

MARC

LEADER 00000 a a2200000 04500
001 15288
003
040
100 |a Robles Robles, Amando J.  
245 |a El Conocimiento en la propuesta "Hombre del conocimiento" de Carlos Castaneda /  |c Amando J. Robles Robles 
520 |a Frente a quienes reducen el conocimiento a la razón, o a lo sumo, también a la fe religiosa, el autor presenta otro tipo de conocimiento, que no es razón ni es fe, el conocimiento de los brujos como don Juan Matus, el conocimiento silencioso, la meta más grande a la que el ser humano puede aspirar y, por lo tanto, una propuesta. Esta es la misma que han hecho los testigos y maestros de las grandes tradiciones religiosas y de sabiduría. En este caso la propuesta, además de laica, es sabiamente sistémica y operacional y, como laica, sumamente actual. En todo caso, profundamente indígena y latina. El trabajo da una visión panorámica de ella  
650 |a CONOCIMIENTO  
650 |a RELIGION  
650 |a FILOSOFIA  
650 |a AMERINDIOS  
773 |g número 95 (I); páginas 73-86  
999 |c 40085  |d 40085 
773 0 |0 18728  |9 3042  |a Universidad de Costa Rica  |d San José, Costa Rica Editorial UCR 1956-  |o 17105  |t Revista de Ciencias Sociales/  |x 04825276